| 000 | 00977nam a22002537a 4500 | ||
|---|---|---|---|
| 005 | 20170123164142.0 | ||
| 010 | _aB-231508 | ||
| 020 | _c120.00 | ||
| 035 | _aB-231508 | ||
| 037 | _bCen Lib / Ret | ||
| 040 |
_aDPL _bPN |
||
| 082 |
_aਉ _bਸ਼ਿਵਚ |
||
| 100 |
_aਸ਼ਿਵਚਰਨ ਜੱਗੀ ਕੁੱਸਾ _95593 |
||
| 245 |
_aਗੋਰਖ ਦਾ ਟਿੱਲਾ : _cਸ਼ਿਵਚਰਨ ਜੱਗੀ ਕੁੱਸਾ _bਨਾਵਲ / |
||
| 246 |
_aGorakh da tilla : Novel _bby Shivcharan Jaggi Kussa |
||
| 260 |
_aਲੁਧਿਆਣਾ _bਲਾਹੈਰ ਬੂਕ ਸ਼ਾਪ _c2005 |
||
| 270 |
_a੨ ਲਾਜਪਤ ਰਾਏਂ ਮਾਰਕਿਤ _bਲੁਧਿਆਣਾ |
||
| 300 |
_a160p. _c21cm(Hb) |
||
| 650 |
_aਪੰਜਾਬੀ ਸਾਹਿਤ _9116212 |
||
| 650 |
_aਪੰਜਾਬੀ ਨਾਵਲ _9116213 |
||
| 650 |
_aPunjabi Literature _9781 |
||
| 650 |
_aPunjabi Novel _96285 |
||
| 942 |
_2ddc _cPN _hਉ _mਸ਼ਿਵਚ |
||
| 999 |
_c109734 _d109734 |
||